ბათუმის შოთა რუსთაველის სახელმწიფო უნივერსიტეტის ბიბლიოთეკა

პლასტიკური ანატომია და ექსპრესიულობა : (ბიბ.ჩანაწერი № 62613)

000 -ლიდერი
ფიქსირებული სიგრძის საკონტროლო ველი 01562nam a22002417a 4500
003 - საკონტროლო ნომრის იდენტიფიკატორი
საკონტროლო ველი Ge_BSU
005 - ბოლო ოპერაციის თარიღი და დრო
საკონტროლო ველი 20241218140750.0
008 - ფიქსირებული სიგრძის მონაცემთა ელემენტები - ზოგადი ინფორმაცია
ფიქსირებული სიგრძის საკონტროლო ველი 241218s1997 ge ||||| |||| 00| 0 geo d
041 ## - ენის კოდი
Language code of text/sound track or separate title geo
080 ## - უნივერსალური ათობითი კლასიფიკაციის ინდექსი
Universal Decimal Classification number 743(075.8) : 611(075.8) პ-43
245 ## - ცნობა სათაურის შესახებ
Title პლასტიკური ანატომია და ექსპრესიულობა :
Remainder of title [სახელმძღვანელო სამხატვრო აკადემიის სტუდენტებისათვის] /
Statement of responsibility, etc საულ კახიანი, ზაალ კახიანი, დავით ასათიანი [და სხვ.]; რედ. ზაალ კახიანი.
264 ## - წარმოების, გამოცემის, დისტრიბუციის და სხვა ცნობები
გამოცემის, წარმოების, დისტრიბუციის... ადგილი ბათუმი :
გამოცემის, წარმოების, დისტრიბუციის... სახელწოდება ს.ს. "გამომცემლობა აჭარა",
გამოცემის, წარმოების, დისტრიბუციის... თარიღი 1997.
300 ## - ფიზიკური აღწერა
Extent 284 გვ. :
Other physical details ილ. ;
Dimensions 22 სმ.
500 ## - ზოგადი შენიშვნა
General note ყდაზე ავტორები მითითებული არ არის.
653 ## - INDEX TERM--UNCONTROLLED
Uncontrolled term პლასტიკური ანატომია
653 ## - INDEX TERM--UNCONTROLLED
Uncontrolled term მედიცინა
700 ## - ADDED ENTRY--PERSONAL NAME
Personal name კახიანი, საულ
Relator term ავტორი
9 (RLIN) 23993
700 ## - ADDED ENTRY--PERSONAL NAME
Personal name კახიანი, ზაალ
Relator term ავტორი, რედაქტორი
9 (RLIN) 23994
700 ## - ADDED ENTRY--PERSONAL NAME
Personal name ასათიანი, დავით
Relator term ავტორი
9 (RLIN) 23995
700 ## - ADDED ENTRY--PERSONAL NAME
Personal name ინაური, ალექსანდრე
Relator term ავტორი
9 (RLIN) 23996
700 ## - ADDED ENTRY--PERSONAL NAME
Personal name კანდელაკი, გიორგი
Relator term ავტორი
9 (RLIN) 23997
942 ## - ADDED ENTRY ELEMENTS (KOHA)
Source of classification or shelving scheme
Koha item type წიგნი

არაა ხელმისაწვდომი ეგზემპლარები.